[Event "Baden Wuerttemberg-ch Seniors 65+ op"]
[Site "Freudenstadt"]
[Date "2019.07.08"]
[Round "4"]
[White "Kioschies, Johann"]
[Black "Limberg, Siegfried"]
[Result "1-0"]
[WhiteElo "2053"]
[BlackElo "1983"]
[PlyCount "126"]
[EventDate "2019.07.05"]
[EventType "swiss"]
[EventRounds "9"]
[EventCountry "GER"]
[SourceTitle "EXT 2020"]
[Source "ChessBase"]
[SourceDate "2019.10.17"]
[SourceVersion "1"]
[SourceVersionDate "2019.10.17"]
[SourceQuality "1"]

1. c4 Nf6 2. d4 e6 3. Nf3 d5 4. Nc3 c6 5. Bg5 Be7 6. e3 0-0 7. Qc2 Nbd7 8. Bd3 h6 9. Bf4 dxc4 10. Bxc4 Nd5 11. Bg3 N7b6 12. Be2 Nxc3 13. bxc3 Bd6 14. Rd1 Bxg3 15. hxg3 Bd7 16. g4 f6 17. e4 Qe7 18. Nh4 Be8 19. e5 fxe5 20. dxe5 Qg5 21. Nf3 Qxg4 22. Rd4 Rf4 23. Rh4 Rxd4 24. Rxg4 Rxg4 25. g3 Bg6 26. Qb3 Bf7 27. Kf1 Ra4 28. Nd4 Ra5 29. f4 g6 30. Bg4 Re8 31. c4 Rc5 32. Be2 Ra5 33. a3 Rd8 34. Qc3 Ra4 35. Nf3 c5 36. Nd2 Nc8 37. Ne4 Ra6 38. Nxc5 Rc6 39. Nxb7 Rd7 40. Na5 Rcc7 41. Bf3 Ne7 42. Kf2 h5 43. Nb3 Kg7 44. Nd2 Rd8 45. Ne4 Nf5 46. Nd6 Kg8 47. Qa5 Rdd7 48. c5 Nd4 49. Bd1 Nc6 50. Qc3 Rd8 51. Ba4 Kf8 52. Qc4 Ne7 53. Bb3 Nd5 54. Qd4 Rb8 55. Bc4 Ne7 56. Nxf7 Kxf7 57. Qd6 Rb2+ 58. Kf3 Rcb7 59. Qxe6+ Kg7 60. Qf6+ Kh7 61. c6 Rc7 62. Qd6 Rxc6 63. Qxe7+ Kh6 1-0

[Event "Baden Wuerttemberg-ch Seniors op 4th"]
[Site "Freudenstadt"]
[Date "2018.06.16"]
[Round "2"]
[White "Herbrechtsmeier, Christof"]
[Black "Kioschies, Johann"]
[Result "1-0"]
[WhiteElo "2245"]
[BlackElo "2017"]
[PlyCount "65"]
[EventDate "2018.06.15"]
[EventType "swiss"]
[EventRounds "9"]
[EventCountry "GER"]
[SourceTitle "EXT 2019"]
[Source "ChessBase"]
[SourceDate "2018.10.10"]
[SourceVersion "1"]
[SourceVersionDate "2018.10.10"]
[SourceQuality "1"]

1. e4 c5 2. Nf3 d6 3. d4 cxd4 4. Nxd4 Nf6 5. Nc3 g6 6. Be3 Bg7 7. f3 a6 8. Qd2 Nc6 9. 0-0-0 Bd7 10. g4 Rc8 11. h4 h5 12. g5 Nh7 13. Nxc6 Rxc6 14. Bd4 Bxd4 15. Qxd4 0-0 16. Bc4 e6 17. f4 Qc7 18. Bb3 Rc8 19. Rd2 Be8 20. f5 Nf8 21. Rf1 Qe7 22. fxe6 fxe6 23. Rxf8+ Qxf8 24. Bxe6+ Bf7 25. Bxc8 Qxc8 26. Nd5 Qe6 27. Rf2 Rc5 28. b4 Rc8 29. Rf6 Qe8 30. Rxg6+ Bxg6 31. Nf6+ Kf7 32. Nxe8 Rxe8 33. Qf6+ 1-0

[Event "Rostock SSC op 12th"]
[Site "Rostock"]
[Date "2013.08.03"]
[Round "6"]
[White "Kioschies, Johann"]
[Black "Ehrich, Dieter"]
[Result "1-0"]
[WhiteElo "2006"]
[BlackElo "1710"]
[PlyCount "35"]
[EventDate "2013.07.31"]
[EventType "swiss"]
[EventRounds "7"]
[EventCountry "GER"]
[SourceTitle "EXT 2018"]
[Source "ChessBase"]
[SourceDate "2017.10.13"]
[SourceVersion "1"]
[SourceVersionDate "2017.10.13"]
[SourceQuality "1"]

1. c4 e6 2. d4 Nf6 3. Nc3 Bb4 4. Qc2 b6 5. e4 Bb7 6. f3 Nc6 7. Be3 h6 8. Bd3 d5 9. cxd5 exd5 10. e5 Ng8 11. Nge2 Be7 12. a3 Na5 13. Nf4 Bg5 14. 0-0 Ne7 15. Rae1 Qd7 16. e6 fxe6 17. Nxe6 Bxe3+ 18. Rxe3 1-0

[Event "Rostock SSC op 12th"]
[Site "Rostock"]
[Date "2013.08.02"]
[Round "5"]
[White "Reznik, Leonid"]
[Black "Kioschies, Johann"]
[Result "1-0"]
[WhiteElo "1869"]
[BlackElo "2006"]
[PlyCount "107"]
[EventDate "2013.07.31"]
[EventType "swiss"]
[EventRounds "7"]
[EventCountry "GER"]
[SourceTitle "EXT 2018"]
[Source "ChessBase"]
[SourceDate "2017.10.13"]
[SourceVersion "1"]
[SourceVersionDate "2017.10.13"]
[SourceQuality "1"]

1. e4 c5 2. Nc3 Nc6 3. g3 g6 4. Bg2 Bg7 5. f4 d6 6. Nf3 Bg4 7. h3 Bd7 8. 0-0 e6 9. d3 a6 10. Ne2 Nge7 11. c3 f5 12. g4 0-0 13. Be3 Qc7 14. exf5 exf5 15. d4 c4 16. g5 Nd5 17. Bf2 Nce7 18. Qd2 Rae8 19. Rae1 Bc6 20. Ng3 Qa5 21. a3 b5 22. Re6 Qc7 23. Rfe1 a5 24. Nf1 Rb8 25. Kh2 Rf7 26. Bg3 b4 27. axb4 axb4 28. Ne3 Nxe3 29. R6xe3 Nd5 30. Re6 Bf8 31. h4 bxc3 32. bxc3 Rb3 33. h5 Rg7 34. Nh4 Nxc3 35. d5 Bd7 36. hxg6 Bxe6 37. Rxe6 Ne4 38. Bxe4 fxe4 39. gxh7+ Rxh7 40. g6 Re7 41. f5 Rxe6 42. dxe6 Rd3 43. Qg5 Rd5 44. Qc1 Be7 45. Qc3 Rd3 46. Qa1 Qd8 47. Ng2 c3 48. Bf4 Kg7 49. Qa7 Kf6 50. g7 Kxf5 51. Qxe7 Qxe7 52. g8Q Rf3 53. Qf7+ Qf6 54. Nh4+ 1-0